[Event "Hessen Senioren-ch 2012  8th"]
[Site "Bad Sooden-Adf. (14.4.-22.4)"]
[Date "2012.04.15"]
[Round "2.91"]
[White "Knobling, Rolf"]
[Black "Straschnej, Paul"]
[Result "1/2-1/2"]
[WhiteElo "1346"]
[BlackElo "1538"]
[PlyCount "96"]
[EventDate "2012.04.??"]
[EventType "swiss"]
[EventRounds "9"]
[EventCountry "GER"]
[WhiteTeam "Erfurt USV"]
[BlackTeam "Bad Emstal Sfr."]

1. e4 e5 2. f4 exf4 3. Nf3 d6 4. d4 Be7 5. Bxf4 Bg4 6. Be2 Nd7 7. O-O Ngf6 8.
Nc3 c6 9. Qd3 Bh5 10. h3 h6 11. Qe3 Bg6 12. Bd3 Nh5 13. Bh2 O-O 14. g4 Nhf6 15.
Kh1 Nh7 16. Bf4 a6 17. e5 Bxd3 18. Qxd3 dxe5 19. dxe5 Nc5 20. Qe3 Ne6 21. Rad1
Qc8 22. Bh2 Bc5 23. Qe4 Be7 24. Nd4 Nhg5 25. Qe3 Nxd4 26. Qxd4 Nxh3 27. Kg2 Ng5
28. Kg3 Qc7 29. Kg2 Ne6 30. Qe4 Rad8 31. a3 Nc5 32. Qf5 g6 33. Qf2 Ne6 34. Ne4
c5 35. Nf6+ Kg7 36. Nd5 Qc6 37. c4 b5 38. b3 bxc4 39. bxc4 Bg5 40. Kg1 Qa4 41.
Qa2 Bf4 42. Bxf4 Nxf4 43. Rd2 Nh3+ 44. Kg2 Ng5 45. Re2 Ne6 46. Nc3 Qc6+ 47. Nd5
g5 48. Kg3 Nc7 1/2-1/2

[Event "Hessen Senioren-ch 2012  8th"]
[Site "Bad Sooden-Adf. (14.4.-22.4)"]
[Date "2012.04.15"]
[Round "2.92"]
[White "Fuchs, Manfred(38)"]
[Black "Koehler, Marianne"]
[Result "1-0"]
[WhiteElo "1523"]
[BlackElo "1384"]
[PlyCount "62"]
[EventDate "2012.04.??"]
[EventType "swiss"]
[EventRounds "9"]
[EventCountry "GER"]
[WhiteTeam "Erkrath 1973 SC"]
[BlackTeam "Sennewitz 2011 SG"]

1. d4 Nf6 2. c4 g6 3. Nc3 Bg7 4. g3 c6 5. Bg2 O-O 6. Nf3 d6 7. O-O Nbd7 8. Re1
Nb6 9. b3 Ne8 10. e4 Bg4 11. Be3 Bxf3 12. Bxf3 e5 13. d5 c5 14. Qd2 Qf6 15. Bg2
Qd8 16. Rac1 Qd7 17. Rc2 a6 18. Bh6 f6 19. Be3 Bh8 20. Ne2 Ng7 21. b4 Qa4 22.
Rb1 Rab8 23. Nc3 Qd7 24. Qe2 cxb4 25. Rxb4 Nc8 26. Bf1 Qc7 27. Na4 f5 28. c5
Qd7 29. cxd6 Nxd6 30. Bc5 Nge8 31. Nb6 Qg7 1-0

[Event "Hessen Senioren-ch 2012  8th"]
[Site "Bad Sooden-Adf. (14.4.-22.4)"]
[Date "2012.04.15"]
[Round "2.93"]
[White "Kage, August"]
[Black "Van Houten, Henk"]
[Result "1/2-1/2"]
[WhiteElo "1346"]
[BlackElo "1464"]
[PlyCount "85"]
[EventDate "2012.04.??"]
[EventType "swiss"]
[EventRounds "9"]
[EventCountry "GER"]
[WhiteTeam "Göttingen Rot-Weiß ESV"]
[BlackTeam "Gronau 1920 SC"]

1. d4 d5 2. c4 e6 3. Nc3 Nf6 4. cxd5 exd5 5. Nf3 c6 6. a3 Be7 7. Qc2 O-O 8. e3
Nbd7 9. Bd3 Re8 10. O-O Nf8 11. e4 dxe4 12. Nxe4 Nxe4 13. Bxe4 Bf6 14. Be3 Be6
15. Rad1 Bd5 16. Bxd5 Qxd5 17. b3 Ng6 18. a4 b6 19. Rc1 Re6 20. Qc4 Ne7 21. Rc2
h6 22. Rfc1 Rc8 23. Qxd5 Nxd5 24. Re2 Rce8 25. Kf1 g5 26. h3 Bg7 27. Rc4 f5 28.
Ng1 Bf8 29. Bd2 Rxe2 30. Nxe2 Re6 31. Ng3 f4 32. Ne2 a5 33. f3 c5 34. g3 Ne3+
35. Bxe3 Rxe3 36. Rc3 Rxc3 37. Nxc3 cxd4 38. Nb5 fxg3 39. Nxd4 h5 40. Nf5 h4
41. Ne3 Bd6 42. Nc4 Be7 43. Ne3 1/2-1/2

[Event "Hessen Senioren-ch 2012  8th"]
[Site "Bad Sooden-Adf. (14.4.-22.4)"]
[Date "2012.04.15"]
[Round "2.94"]
[White "Hielscher, Klaus-Wieprecht"]
[Black "Girod, Gudrun"]
[Result "1-0"]
[WhiteElo "1545"]
[BlackElo "1301"]
[PlyCount "75"]
[EventDate "2012.04.??"]
[EventType "swiss"]
[EventRounds "9"]
[EventCountry "GER"]
[WhiteTeam "Braunschweiger SF"]
[BlackTeam "Hannover 96 Schach"]

1. c4 e6 2. Nf3 d5 3. cxd5 exd5 4. g3 Nf6 5. a3 Be7 6. Bg2 c6 7. O-O O-O 8. d3
h6 9. Nbd2 Be6 10. b4 Nbd7 11. Bb2 c5 12. bxc5 Nxc5 13. Nd4 Rb8 14. Nxe6 fxe6
15. Rb1 b6 16. Bh3 Kf7 17. Be5 Bd6 18. Nf3 Qe7 19. a4 Ncd7 20. Bxd6 Qxd6 21.
Nh4 Rfe8 22. e3 Nf8 23. f4 Rbc8 24. g4 Rc3 25. g5 hxg5 26. fxg5 Qe5 27. gxf6
Qg5+ 28. Ng2 gxf6 29. Rf4 Nh7 30. Rg4 Qe5 31. d4 Qd6 32. Rh4 Rh8 33. Qf1 f5 34.
Re1 Qa3 35. Qf4 Rc1 36. Qe5 Kg8 37. Qxe6+ Kg7 38. Qh6+ 1-0

[Event "Hessen Senioren-ch 2012  8th"]
[Site "Bad Sooden-Adf. (14.4.-22.4)"]
[Date "2012.04.15"]
[Round "2.95"]
[White "Maczollek, Helmut"]
[Black "Groener, Marga"]
[Result "1/2-1/2"]
[WhiteElo "1412"]
[BlackElo "1333"]
[PlyCount "53"]
[EventDate "2012.04.??"]
[EventType "swiss"]
[EventRounds "9"]
[EventCountry "GER"]
[WhiteTeam "Lage Turm SK"]
[BlackTeam "Freibauer Wedemark"]

1. d4 d5 2. Nf3 Nd7 3. e3 e6 4. Bd3 Bd6 5. Nbd2 e5 6. dxe5 Nxe5 7. Nxe5 Bxe5 8.
Nf3 Bd6 9. O-O Nf6 10. Re1 O-O 11. c3 Bg4 12. h3 Bxf3 13. Qxf3 c6 14. Bd2 Re8
15. Re2 h6 16. Rae1 Ne4 17. Qg4 Qc8 18. Bxe4 Qxg4 19. hxg4 dxe4 20. Bc1 Rad8
21. Rd2 Bc7 22. Red1 Rxd2 23. Rxd2 Rd8 24. Rd4 a6 25. g3 c5 26. Rxd8+ Bxd8 27.
a4 1/2-1/2

[Event "Hessen Senioren-ch 2012  8th"]
[Site "Bad Sooden-Adf. (14.4.-22.4)"]
[Date "2012.04.15"]
[Round "2.97"]
[White "Luebbers, Doris Dr"]
[Black "Neumann, Peter Dr(39)"]
[Result "1/2-1/2"]
[WhiteElo "1345"]
[BlackElo "1462"]
[PlyCount "51"]
[EventDate "2012.04.??"]
[EventType "swiss"]
[EventRounds "9"]
[EventCountry "GER"]
[WhiteTeam "Königstein/Schwalbach Sfr."]
[BlackTeam "Warnemünde SF"]

1. d4 Nf6 2. Nf3 g6 3. e3 Bg7 4. c3 d6 5. Bd3 Nbd7 6. O-O O-O 7. Nbd2 b6 8. e4
e5 9. dxe5 dxe5 10. Nb3 Bb7 11. Qc2 c5 12. Be3 Rc8 13. Nbd2 Qc7 14. b3 a6 15.
Rac1 Qb8 16. Qb1 b5 17. c4 Ba8 18. Rfe1 Ng4 19. Nf1 Ngf6 20. N3d2 b4 21. f3 a5
22. Bf2 Nb6 23. Ne3 Qd6 24. Nd5 Nbxd5 25. cxd5 Rc7 26. Nc4 1/2-1/2

[Event "Hessen Senioren-ch 2012  8th"]
[Site "Bad Sooden-Adf. (14.4.-22.4)"]
[Date "2012.04.15"]
[Round "2.98"]
[White "Pastowski, Werner"]
[Black "Graffenberger, Marianne"]
[Result "1-0"]
[WhiteElo "1505"]
[BlackElo "1129"]
[PlyCount "69"]
[EventDate "2012.04.??"]
[EventType "swiss"]
[EventRounds "9"]
[EventCountry "GER"]
[WhiteTeam "Schmalkalden 04 SV"]
[BlackTeam "Hamburger SK"]

1. e4 e5 2. Nf3 d6 3. Bc4 Be7 4. O-O Nf6 5. d3 O-O 6. h3 Nc6 7. a3 a6 8. b4 b5
9. Bb3 Bb7 10. Bd2 a5 11. c3 axb4 12. cxb4 Nd4 13. Nxd4 exd4 14. f3 c5 15. Qe2
d5 16. e5 Ne8 17. f4 c4 18. Bd1 c3 19. Be1 Qb6 20. Ra2 f6 21. Bg3 Qe6 22. f5
Qc6 23. e6 Bd6 24. Qf3 Bxg3 25. Qxg3 Qd6 26. Qf2 Bc6 27. Rc2 Ra6 28. Qxd4 Qe5
29. Qxe5 fxe5 30. Rxc3 d4 31. Rc5 e4 32. Be2 e3 33. Rf3 Nd6 34. g4 Nb7 35. Rc1
1-0

[Event "Hessen Senioren-ch 2012  8th"]
[Site "Bad Sooden-Adf. (14.4.-22.4)"]
[Date "2012.04.15"]
[Round "2.99"]
[White "Fister, Horst-Lothar"]
[Black "Schumacher, Ursula"]
[Result "1/2-1/2"]
[WhiteElo "1273"]
[BlackElo "1446"]
[PlyCount "31"]
[EventDate "2012.04.??"]
[EventType "swiss"]
[EventRounds "9"]
[EventCountry "GER"]
[WhiteTeam "Werther 1949 SK"]
[BlackTeam "Bad Neuenahr SC"]

1. Nf3 c6 2. d4 d5 3. e3 Bf5 4. c4 e6 5. Nc3 Nf6 6. Be2 Be7 7. O-O Nbd7 8. cxd5
cxd5 9. Ne5 a6 10. g4 Bg6 11. h4 Nxe5 12. dxe5 Nd7 13. h5 Bxh5 14. gxh5 Nxe5
15. Qd4 Bf6 16. Qa4+ 1/2-1/2

[Event "Hessen Senioren-ch 2012  8th"]
[Site "Bad Sooden-Adf. (14.4.-22.4)"]
[Date "2012.04.15"]
[Round "2.100"]
[White "Auerswald, Gottfried Dr"]
[Black "Ludwig, Egbert"]
[Result "1-0"]
[WhiteElo "1499"]
[BlackElo "1124"]
[PlyCount "67"]
[EventDate "2012.04.??"]
[EventType "swiss"]
[EventRounds "9"]
[EventCountry "GER"]
[WhiteTeam "Dingelstädt SK"]
[BlackTeam "Eichholz-Remmighaus TuS"]

1. e4 e6 2. d4 d5 3. Nd2 Nf6 4. e5 Nfd7 5. Ngf3 c5 6. c3 Nc6 7. Bb5 Qb6 8. Qa4
a6 9. Bxc6 bxc6 10. O-O cxd4 11. cxd4 Qb5 12. Qc2 c5 13. Nb3 c4 14. Nbd2 f6 15.
b3 fxe5 16. bxc4 dxc4 17. Rb1 Qd5 18. dxe5 Rb8 19. Rxb8 Nxb8 20. Qxc4 Qxc4 21.
Nxc4 Nc6 22. Rd1 Be7 23. Nd6+ Bxd6 24. Rxd6 Bb7 25. Rxe6+ Kf7 26. Ng5+ Kf8 27.
Ba3+ Ne7 28. Rxe7 Bd5 29. Rd7+ Ke8 30. Rxd5 h6 31. Ne4 Kf7 32. Rd6 Re8 33. f4
a5 34. Ra6 1-0

[Event "Hessen Senioren-ch 2012  8th"]
[Site "Bad Sooden-Adf. (14.4.-22.4)"]
[Date "2012.04.15"]
[Round "2.101"]
[White "Rollwitz, Inge"]
[Black "Grueneschild, Hildegard"]
[Result "1/2-1/2"]
[WhiteElo "1255"]
[BlackElo "1380"]
[PlyCount "88"]
[EventDate "2012.04.??"]
[EventType "swiss"]
[EventRounds "9"]
[EventCountry "GER"]
[WhiteTeam "Berlin Wedding SG"]
[BlackTeam "München Schach-Union"]

1. d4 Nf6 2. c4 g6 3. Nc3 Bg7 4. Nf3 d6 5. e3 Nbd7 6. Be2 O-O 7. O-O c6 8. Qc2
e5 9. dxe5 dxe5 10. Rd1 Qc7 11. Rb1 Nc5 12. b4 Ne6 13. Bb2 a6 14. c5 b6 15. a3
bxc5 16. Na2 Nd5 17. bxc5 Bb7 18. Nb4 Nxb4 19. axb4 Rad8 20. Rxd8 Rxd8 21. Rd1
Rd5 22. Rxd5 cxd5 23. Bc3 f6 24. Qa2 Qc6 25. Qa5 Nc7 26. Bd1 Bf8 27. Ba4 Nb5
28. Bxb5 axb5 29. Ne1 d4 30. exd4 exd4 31. Bxd4 Qe6 32. Qa1 Bg7 33. Qc3 Bc6 34.
h3 h5 35. Be3 Qd5 36. Bd4 Qf5 37. Qe3 g5 38. Qe7 g4 39. Qd8+ Kh7 40. Qe7 gxh3
41. Qe3 hxg2 42. Qg3 Qe4 43. Be3 Qd5 44. Kh2 Qe4 1/2-1/2

[Event "Hessen Senioren-ch 2012  8th"]
[Site "Bad Sooden-Adf. (14.4.-22.4)"]
[Date "2012.04.15"]
[Round "2.102"]
[White "Daebel, Hasso Dr"]
[Black "Stuiber, Ingeborg"]
[Result "1-0"]
[WhiteElo "1473"]
[BlackElo "982"]
[PlyCount "63"]
[EventDate "2012.04.??"]
[EventType "swiss"]
[EventRounds "9"]
[EventCountry "GER"]
[WhiteTeam "Drewer 54 SG"]
[BlackTeam "Euskirchen SK"]

1. Nf3 e6 2. e4 Ne7 3. d4 b6 4. Bd3 Bb7 5. Bg5 d6 6. Nbd2 c5 7. c3 Nbc6 8. Qa4
Qc7 9. Bf4 Ng6 10. Bg3 Be7 11. d5 e5 12. dxc6 Bxc6 13. Bb5 Bd7 14. Bxd7+ Qxd7
15. Qxd7+ Kxd7 16. O-O-O Rhd8 17. Nc4 Ke8 18. Kb1 Rd7 19. Rd5 Rad8 20. h4 Kf8
21. h5 Nf4 22. Bxf4 exf4 23. Nh4 Bf6 24. Nf5 Re8 25. f3 Red8 26. Rhd1 g6 27.
hxg6 hxg6 28. Nfxd6 Rc7 29. Nb5 Rcd7 30. Rxd7 Rxd7 31. Rxd7 Bg7 32. Rxa7 1-0

[Event "Hessen Senioren-ch 2012  8th"]
[Site "Bad Sooden-Adf. (14.4.-22.4)"]
[Date "2012.04.15"]
[Round "2.103"]
[White "Nols, Uwe"]
[Black "Mittelstaedt, Ewald"]
[Result "0-1"]
[WhiteElo "1171"]
[BlackElo "1405"]
[PlyCount "54"]
[EventDate "2012.04.??"]
[EventType "swiss"]
[EventRounds "9"]
[EventCountry "GER"]
[WhiteTeam "Itzehoer SV"]
[BlackTeam "München Tarrasch SC"]

1. e4 d6 2. Bc4 Nf6 3. d3 e5 4. a3 Be7 5. h3 b6 6. Nf3 O-O 7. O-O Bb7 8. Nc3 c6
9. b4 Nbd7 10. Bb3 a5 11. b5 Nc5 12. Ba2 Ne6 13. Bxe6 fxe6 14. Re1 c5 15. a4
Qd7 16. Bb2 h6 17. Rb1 Nh7 18. Ne2 Rf7 19. Ng3 Raf8 20. c4 Ng5 21. Nxg5 Bxg5
22. Rf1 Qe8 23. Bc1 Bf4 24. Nh5 Qe7 25. Rb2 Qg5 26. Qg4 Bxc1 27. f4 Qxg4 0-1

[Event "Hessen Senioren-ch 2012  8th"]
[Site "Bad Sooden-Adf. (14.4.-22.4)"]
[Date "2012.04.15"]
[Round "2.104"]
[White "Wilfert, Eva-Maria"]
[Black "Britz, Helmut"]
[Result "1-0"]
[WhiteElo "1469"]
[BlackElo "1344"]
[PlyCount "44"]
[EventDate "2012.04.??"]
[EventType "swiss"]
[EventRounds "9"]
[EventCountry "GER"]
[WhiteTeam "Hof PTSV SK"]
[BlackTeam "GER/"]

1. e4 e5 2. Nf3 d6 3. d4 exd4 4. Nxd4 Nf6 5. Nc3 Be7 6. Bd3 a6 7. O-O g6 8.
Nce2 c5 9. Nb3 Nc6 10. c4 O-O 11. h3 Re8 12. Ng3 Nd7 13. Bh6 Bg5 14. Bxg5 Qxg5
15. Re1 Qd8 16. Bf1 Re6 17. Qd2 a5 18. Rad1 Nd4 19. Nh1 a4 20. Na1 Ne5 21. Nc2
b6 22. Na3 Bb7 1-0

[Event "Hessen Senioren-ch 2012  8th"]
[Site "Bad Sooden-Adf. (14.4.-22.4)"]
[Date "2012.04.16"]
[Round "3.1"]
[White "Schneider, Alexander(52)"]
[Black "Ugolyk, Vitaliy"]
[Result "0-1"]
[WhiteElo "1981"]
[BlackElo "2210"]
[PlyCount "71"]
[EventDate "2012.04.??"]
[EventType "swiss"]
[EventRounds "9"]
[EventCountry "GER"]
[WhiteTeam "Wilhelmshavener SF"]
[BlackTeam "Fulda SC"]

1. d4 Nf6 2. c4 e6 3. Nc3 Bb4 4. a3 Bxc3+ 5. bxc3 O-O 6. Qc2 Nc6 7. Bg5 h6 8.
Bh4 d6 9. e4 e5 10. d5 Na5 11. Bd3 b6 12. Nf3 Nb7 13. O-O Nc5 14. Nd2 g5 15.
Bg3 Nh5 16. Be2 Nf4 17. Bxf4 gxf4 18. Nb3 Nxb3 19. Qxb3 Kh8 20. f3 Rg8 21. Kh1
Bd7 22. Qd1 Qh4 23. Qe1 Rg3 24. Rf2 Rag8 25. Bf1 R8g5 26. Bd3 Rh5 27. Qg1 Qf6
28. Qe1 Rh4 29. Kg1 Rg5 30. Bf1 Rgh5 31. h3 Rg5 32. Kh1 Rg3 33. Kh2 Qg5 34. Rd2
Qh5 35. Kg1 Rhxh3 36. Kf2 0-1

[Event "Hessen Senioren-ch 2012  8th"]
[Site "Bad Sooden-Adf. (14.4.-22.4)"]
[Date "2012.04.16"]
[Round "3.2"]
[White "Oud, Niek"]
[Black "Bakhmatov, Eduard"]
[Result "1/2-1/2"]
[WhiteElo "2162"]
[BlackElo "2198"]
[PlyCount "68"]
[EventDate "2012.04.??"]
[EventType "swiss"]
[EventRounds "9"]
[EventCountry "GER"]
[WhiteTeam "NED/Amstelveen"]
[BlackTeam "Hattingen SV"]
[WhiteTeamCountry "NED"]

1. d4 Nf6 2. c4 g6 3. Nc3 d5 4. cxd5 Nxd5 5. e4 Nxc3 6. bxc3 Bg7 7. Bc4 c5 8.
Ne2 O-O 9. Be3 cxd4 10. cxd4 Nc6 11. O-O Na5 12. Bd3 b6 13. Rc1 Bb7 14. Qd2 e6
15. f3 Qd7 16. Qb4 Nc6 17. Qa4 a6 18. d5 b5 19. dxc6 Qxd3 20. Qb3 Qxb3 21. axb3
Bc8 22. Rfd1 a5 23. Bd4 e5 24. Bc5 Re8 25. Nc3 Be6 26. Nxb5 Bxb3 27. Nc7 Bxd1
28. Nxe8 Ba4 29. Nc7 Rc8 30. Nd5 Bf8 31. c7 Bb3 32. Bxf8 Bxd5 33. Bd6 Be6 34.
Bxe5 f5 1/2-1/2

[Event "Hessen Senioren-ch 2012  8th"]
[Site "Bad Sooden-Adf. (14.4.-22.4)"]
[Date "2012.04.16"]
[Round "3.3"]
[White "Haubt, Georg"]
[Black "Johannsen, Ingbert"]
[Result "1-0"]
[WhiteElo "2189"]
[BlackElo "1800"]
[PlyCount "75"]
[EventDate "2012.04.??"]
[EventType "swiss"]
[EventRounds "9"]
[EventCountry "GER"]
[WhiteTeam "Oberursel SV"]
[BlackTeam "Witten SG"]

1. e4 e6 2. d4 d5 3. Nd2 Nf6 4. e5 Nfd7 5. f4 c5 6. c3 Nc6 7. Ndf3 cxd4 8. cxd4
Bb4+ 9. Kf2 f6 10. Be3 O-O 11. Bd3 fxe5 12. fxe5 Be7 13. Qc2 h6 14. Bg6 Nb6 15.
Ne2 Bd7 16. Nf4 Rc8 17. Bh7+ Kh8 18. Ng6+ Kxh7 19. Nxe7+ Kh8 20. Nxc8 Bxc8 21.
b3 Qh4+ 22. Kg1 Qg4 23. h3 Qh5 24. g4 Qe8 25. Rf1 Qe7 26. Rh2 Bd7 27. Rhf2 Rc8
28. Qd2 Nb4 29. Ne1 Bb5 30. Rf7 Qh4 31. R1f3 a5 32. a3 Nc6 33. Rxb7 Rb8 34.
Rxb8+ Nxb8 35. Qxa5 Nc6 36. Qxb5 Qxe1+ 37. Kg2 Ne7 38. Qe8+ 1-0

[Event "Hessen Senioren-ch 2012  8th"]
[Site "Bad Sooden-Adf. (14.4.-22.4)"]
[Date "2012.04.16"]
[Round "3.4"]
[White "Kienel, Norbert"]
[Black "Ljubarskij, Juri"]
[Result "0-1"]
[WhiteElo "1696"]
[BlackElo "2168"]
[PlyCount "72"]
[EventDate "2012.04.??"]
[EventType "swiss"]
[EventRounds "9"]
[EventCountry "GER"]
[WhiteTeam "Osnabrück SV"]
[BlackTeam "Hannover 96 Schach"]

1. d4 d5 2. c4 c6 3. e3 Nf6 4. Nf3 e6 5. Bd3 Nbd7 6. O-O Bd6 7. Nc3 O-O 8. e4
dxc4 9. Bxc4 e5 10. dxe5 Nxe5 11. Nxe5 Bxe5 12. Qxd8 Rxd8 13. Bg5 h6 14. Bxf6
Bxf6 15. Rad1 b5 16. Rxd8+ Bxd8 17. Bb3 a5 18. Rd1 Be7 19. h3 a4 20. Bc2 Be6
21. a3 Kf8 22. e5 Rb8 23. f4 Rd8 24. Rxd8+ Bxd8 25. f5 Bb6+ 26. Kh1 Bd7 27. Be4
Ke7 28. g4 Bd4 29. Kg2 Bxe5 30. Kf3 Kd6 31. Ke3 c5 32. Bd3 b4 33. Nd1 Bd4+ 34.
Kd2 Bc6 35. Bf1 Ke5 36. Kd3 Bb5+ 0-1

[Event "Hessen Senioren-ch 2012  8th"]
[Site "Bad Sooden-Adf. (14.4.-22.4)"]
[Date "2012.04.16"]
[Round "3.5"]
[White "Hassenrueck, Helmut"]
[Black "Mayeres, Hans-Christian"]
[Result "1-0"]
[WhiteElo "2151"]
[BlackElo "1663"]
[PlyCount "51"]
[EventDate "2012.04.??"]
[EventType "swiss"]
[EventRounds "9"]
[EventCountry "GER"]
[WhiteTeam "Gladbeck 19/23 SG"]
[BlackTeam "Recklinghausen 06 SK"]

1. d4 Nf6 2. Nf3 g6 3. c4 Bg7 4. Nc3 O-O 5. e4 d6 6. Be2 e5 7. Be3 Nc6 8. d5
Ne7 9. Nd2 Ne8 10. b4 f5 11. f3 c6 12. O-O cxd5 13. cxd5 f4 14. Bf2 g5 15. Nc4
Ng6 16. a4 Rf7 17. Nb5 b6 18. a5 bxa5 19. Nxa5 a6 20. Nc6 Qf6 21. Nba7 Bb7 22.
Bxa6 Bxc6 23. Nxc6 Ne7 24. Bc4 Rxa1 25. Qxa1 g4 26. Nd8 1-0

[Event "Hessen Senioren-ch 2012  8th"]
[Site "Bad Sooden-Adf. (14.4.-22.4)"]
[Date "2012.04.16"]
[Round "3.6"]
[White "Kierzek, Matthias Dr"]
[Black "Berger, Volkmar"]
[Result "1-0"]
[WhiteElo "2138"]
[BlackElo "1648"]
[PlyCount "79"]
[EventDate "2012.04.??"]
[EventType "swiss"]
[EventRounds "9"]
[EventCountry "GER"]
[WhiteTeam "Fulda SC"]
[BlackTeam "Cottbus Senioren SC"]

1. d4 Nf6 2. c4 g6 3. Nc3 Bg7 4. e4 d6 5. Be2 O-O 6. Bg5 Nbd7 7. Qd2 b6 8. Nf3
Bb7 9. d5 Nc5 10. Qc2 a5 11. O-O Ng4 12. h3 Nf6 13. b3 Bc8 14. Nd4 Bd7 15. Rad1
Qc8 16. Kh2 e5 17. dxe6 Nxe6 18. Nxe6 Bxe6 19. Nd5 Nxd5 20. cxd5 Bd7 21. Rc1
Ra7 22. Be3 f5 23. exf5 Bxf5 24. Bd3 Bxd3 25. Qxd3 Qf5 26. Qb5 Qe5+ 27. Kg1 Rf5
28. Rfd1 Qb2 29. a4 Rf7 30. Rc4 Ra8 31. Rdc1 Raf8 32. R4c2 Qf6 33. Rxc7 Rxc7
34. Rxc7 Qf5 35. Qd7 Qb1+ 36. Kh2 Qb2 37. Bh6 Be5+ 38. f4 Bxf4+ 39. Bxf4 Qh8
40. Qe6+ 1-0

[Event "Hessen Senioren-ch 2012  8th"]
[Site "Bad Sooden-Adf. (14.4.-22.4)"]
[Date "2012.04.16"]
[Round "3.7"]
[White "Holscher, Peter"]
[Black "Kirchberg, Hans-Georg"]
[Result "1-0"]
[WhiteElo "1959"]
[BlackElo "1598"]
[PlyCount "77"]
[EventDate "2012.04.??"]
[EventType "swiss"]
[EventRounds "9"]
[EventCountry "GER"]
[WhiteTeam "NED/Hoorn Caissa"]
[BlackTeam "Dingelstädt SK"]
[WhiteTeamCountry "NED"]

1. d4 e6 2. Nf3 c5 3. c4 cxd4 4. Nxd4 Nf6 5. Nc3 a6 6. e4 d6 7. Be2 Be7 8. O-O
O-O 9. Be3 b6 10. f4 Bb7 11. Bf3 Qc7 12. Rc1 Nbd7 13. f5 e5 14. Nd5 Qd8 15. Ne2
Nxd5 16. cxd5 Rc8 17. Qd2 Rxc1 18. Rxc1 Qb8 19. b4 Rc8 20. Nc3 b5 21. a4 bxa4
22. Nxa4 Bd8 23. Be2 h6 24. Bd3 Nf6 25. h3 Kh7 26. Ra1 Rc7 27. Nb6 Re7 28. Nc4
Bc8 29. Qe1 Bb7 30. g4 Re8 31. Qf2 Qc7 32. Rc1 Qe7 33. Bb6 Nd7 34. Bxd8 Rxd8
35. Na5 Nb8 36. f6 Qd7 37. Qb6 Rc8 38. Rxc8 Qxc8 39. Nxb7 1-0

[Event "Hessen Senioren-ch 2012  8th"]
[Site "Bad Sooden-Adf. (14.4.-22.4)"]
[Date "2012.04.16"]
[Round "3.8"]
[White "Van den Berg, Ad"]
[Black "Rueggeberg, Wilhelm"]
[Result "1-0"]
[WhiteElo "1998"]
[BlackElo "1702"]
[PlyCount "79"]
[EventDate "2012.04.??"]
[EventType "swiss"]
[EventRounds "9"]
[EventCountry "GER"]
[WhiteTeam "NED/Philidor Leiden"]
[BlackTeam "Saarburg-Trier Sfr."]
[WhiteTeamCountry "NED"]

1. e4 c5 2. Nf3 d6 3. d4 cxd4 4. Qxd4 Nc6 5. Bb5 Bd7 6. Bxc6 Bxc6 7. Nc3 Nf6 8.
Bg5 e5 9. Qd3 h6 10. Bxf6 Qxf6 11. O-O-O O-O-O 12. Rhe1 Be7 13. Kb1 g5 14. h3
Qe6 15. Qe3 Kb8 16. Nd5 Rhf8 17. g4 Bxd5 18. Rxd5 Rc8 19. Red1 Rc5 20. Rxc5
dxc5 21. Rd5 f6 22. Nd2 Qc6 23. c4 Rd8 24. Qd3 Rd6 25. Nf1 Rxd5 26. exd5 Qd6
27. Ng3 Bf8 28. Qg6 Qd8 29. Ne4 a6 30. Qxf6 Qxf6 31. Nxf6 Kc7 32. Kc2 Kd8 33.
Kd3 Ke7 34. Ne4 b6 35. a4 Kd7 36. b3 a5 37. Ng3 Bg7 38. Nf5 Bf6 39. Nxh6 Ke8
40. Ke4 1-0

[Event "Hessen Senioren-ch 2012  8th"]
[Site "Bad Sooden-Adf. (14.4.-22.4)"]
[Date "2012.04.16"]
[Round "3.9"]
[White "Liebert, Heinz"]
[Black "Claus, Joachim"]
[Result "1-0"]
[WhiteElo "2155"]
[BlackElo "1684"]
[PlyCount "67"]
[EventDate "2012.04.??"]
[EventType "swiss"]
[EventRounds "9"]
[EventCountry "GER"]
[WhiteTeam "Halle Volksbank USV"]
[BlackTeam "Witten SG"]

1. c4 e5 2. Nc3 d6 3. d4 exd4 4. Qxd4 Nc6 5. Qd2 g6 6. b3 Bh6 7. e3 Bf5 8. Bb2
Nf6 9. Nf3 O-O 10. Be2 Bg7 11. O-O Ne4 12. Nxe4 Bxe4 13. Bxg7 Kxg7 14. Nd4 Qf6
15. f3 Bf5 16. Nb5 Rac8 17. Rad1 a6 18. Nc3 Ne7 19. f4 Rcd8 20. Bf3 b6 21. g4
Bc8 22. Ne4 Qe6 23. Qc3+ f6 24. g5 Ng8 25. Ng3 Rfe8 26. Rde1 Qe7 27. e4 Kf8 28.
gxf6 Nxf6 29. e5 Ng8 30. Bc6 Bd7 31. Bxd7 Qxd7 32. f5 g5 33. e6 Qg7 34. f6 1-0

[Event "Hessen Senioren-ch 2012  8th"]
[Site "Bad Sooden-Adf. (14.4.-22.4)"]
[Date "2012.04.16"]
[Round "3.10"]
[White "Geisler, Reinhard"]
[Black "Ghijsen, Pim"]
[Result "1-0"]
[WhiteElo "1709"]
[BlackElo "1906"]
[PlyCount "67"]
[EventDate "2012.04.??"]
[EventType "swiss"]
[EventRounds "9"]
[EventCountry "GER"]
[WhiteTeam "Werther 1949 SK"]
[BlackTeam "NED/Amsterdam VAS"]
[BlackTeamCountry "NED"]

1. d4 d5 2. c4 c6 3. Nf3 Nf6 4. Qc2 a6 5. g3 b5 6. b3 e6 7. Bg2 Be7 8. Nbd2 Bb7
9. O-O Nbd7 10. e4 dxe4 11. Nxe4 Nxe4 12. Qxe4 O-O 13. h4 Nf6 14. Qe2 Qb6 15.
Bb2 Rfe8 16. Rac1 Rac8 17. Rfd1 Qa5 18. Ba1 Qb6 19. Ne5 c5 20. Bxb7 Qxb7 21.
dxc5 Bxc5 22. Bd4 Ba3 23. Rc2 Red8 24. cxb5 axb5 25. Rxc8 Rxc8 26. Ng4 Nxg4 27.
Qxg4 Bf8 28. h5 h6 29. Be3 Kh7 30. Qd4 Qf3 31. a4 bxa4 32. bxa4 Qxh5 33. Ra1
Ra8 34. Qe4+ 1-0

[Event "Hessen Senioren-ch 2012  8th"]
[Site "Bad Sooden-Adf. (14.4.-22.4)"]
[Date "2012.04.16"]
[Round "3.12"]
[White "Fritsch, Wolfgang(36)"]
[Black "Knaak, Joachim"]
[Result "0-1"]
[WhiteElo "1660"]
[BlackElo "2099"]
[PlyCount "44"]
[EventDate "2012.04.??"]
[EventType "swiss"]
[EventRounds "9"]
[EventCountry "GER"]
[WhiteTeam "Bad Langensalza SV"]
[BlackTeam "Dresden-Leuben SV"]

1. e4 g6 2. d4 Bg7 3. Nf3 d6 4. c3 Nf6 5. e5 dxe5 6. Nxe5 O-O 7. Be2 c5 8. dxc5
Qc7 9. Bf4 g5 10. Bg3 Ne4 11. Nd3 Nxg3 12. hxg3 Rd8 13. g4 Nd7 14. Qc2 Nf6 15.
Nd2 Nxg4 16. O-O-O Bf5 17. Bxg4 Bxd3 18. Qb3 Qxc5 19. Nf3 Bg6 20. Bh5 Qxf2 21.
Bxg6 hxg6 22. Qxb7 Rab8 0-1

[Event "Hessen Senioren-ch 2012  8th"]
[Site "Bad Sooden-Adf. (14.4.-22.4)"]
[Date "2012.04.16"]
[Round "3.13"]
[White "Lang, Ferdinand(49)"]
[Black "Barlo, Werner"]
[Result "1-0"]
[WhiteElo "2051"]
[BlackElo "1594"]
[PlyCount "57"]
[EventDate "2012.04.??"]
[EventType "swiss"]
[EventRounds "9"]
[EventCountry "GER"]
[WhiteTeam "Bad Wimpfen SC"]
[BlackTeam "Berlin Zehlendorf SK"]

1. e4 e6 2. d4 d5 3. Nc3 Bb4 4. e5 c5 5. a3 cxd4 6. axb4 dxc3 7. bxc3 Qc7 8.
Nf3 Qxc3+ 9. Bd2 Qc7 10. Bd3 Nc6 11. Qe2 Nge7 12. b5 Nd8 13. O-O b6 14. Nd4 Nf5
15. Nxf5 exf5 16. Qf3 Qd7 17. c4 Bb7 18. Bxf5 Ne6 19. Bb4 dxc4 20. Qg4 g6 21.
Rfd1 Bd5 22. Be4 h5 23. Qh3 Qxb5 24. Bxd5 Rd8 25. Bxe6 Rxd1+ 26. Rxd1 Qxb4 27.
Bxf7+ Kxf7 28. Rd7+ Kf8 29. Qf3+ 1-0